000 00404nam a2200145Ia 4500
005 20250324131927.0
008 240331s9999 xx 000 0 und d
082 _bRAM
_a894
100 _aRamaswamy, M
245 0 _aThirunelveliyil thiraubathai manabangappadutthapattapothu
260 _aThanchvoor
_bRudra Pathippagam
_c2003
300 _a192 p .,
500 _aResearch articles on folklore
942 _cL
999 _c4136
_d4136